000 00812nam a22002177a 4500
999 _c18050
_d18050
003 AR-CdUCM
008 190511b ||||| |||| 00| 0 spa d
040 _aMUNICIPALIDAD PROVINCIAL DEL CUSCO
_cBIBLIOTECA MUNICIPAL DEL CUSCO
082 _a621.38 /
_bS35
100 _aSedov, E.
_938401
245 _aElectronica Recreativa /
260 _aMoscu :
_bMir,
_c1973.
300 _a342 paginas ;
_c20.5 cm.
505 _aContenido: Los electrones y la electronica -- Como se descubrieon las ondas -- Electrones, ondas, campos -- Cuesta arriba por la escala de las frecuencias -- Elementos de las maquinas inteligentes...
650 _aElectrones
_920880
650 _aElectronica
_920935
650 _aRecreativa
_938402
700 _aAquesolo, Jesus
_938403
942 _2ddc
_cLIBROS
945 _apjha
_d2019-05-11